[Event "TOP 16 Higher pool"]
[Site "BELFORT"]
[Date "????.??.??"]
[Round "9.14"]
[White "Girel, Joseph"]
[Black "Terrieux, Kevin"]
[Result "1-0"]
[WhiteElo "2498"]
[BlackElo "2389"]
[PlyCount "113"]
[EventDate "2025.05.??"]
[WhiteTeam "MARSEILLE"]
[BlackTeam "MULHOUSE"]
[WhiteTeamCountry "FRA"]
[BlackTeamCountry "FRA"]

1. e4 e5 2. Nf3 Nc6 3. Bc4 Nf6 4. d3 Bc5 5. Nc3 d6 6. Na4 O-O 7. a3 a5 8. Nxc5
dxc5 9. h3 Be6 10. Bxe6 fxe6 11. a4 Qe8 12. Be3 b6 13. Nd2 Nh5 14. O-O h6 15.
Nc4 Kh7 16. Kh2 g5 17. g3 Qg6 18. Bd2 Nf6 19. f4 exf4 20. gxf4 gxf4 21. Bxf4
Rf7 22. Rg1 Qh5 23. Ne5 Nxe5 24. Qxh5 Nxh5 25. Bxe5 Rg8 26. Raf1 Rgf8 27. Rxf7+
Rxf7 28. Rg4 Nf6 29. Rf4 Kg6 30. Kg2 h5 31. Rf3 c4 32. dxc4 c5 33. b3 Nd7 34.
Rxf7 Kxf7 35. Bc7 e5 36. Kf3 Ke6 37. Bd8 Kf7 38. Ke3 Ke6 39. Bc7 Kf6 40. Ke2
Ke6 41. c3 Kf6 42. Bd8+ Ke6 43. Bc7 Kf6 44. h4 Ke6 45. Ke3 Ke7 46. Kd3 Ke6 47.
Kc2 Ke7 48. Kb2 Ke6 49. Ka3 Ke7 50. b4 Ke8 51. Kb3 Ke7 52. bxa5 bxa5 53. Bxa5
Nf6 54. Bc7 Nxe4 55. Kc2 Ng3 56. Bxe5 Nf5 57. Bf4 1-0

[Event "TOP 16 Higher pool"]
[Site "BELFORT"]
[Date "????.??.??"]
[Round "9.15"]
[White "Gatineau, Yovann"]
[Black "Degraeve, Remy"]
[Result "1-0"]
[WhiteElo "2374"]
[BlackElo "2403"]
[PlyCount "58"]
[EventDate "2025.05.??"]
[WhiteTeam "MULHOUSE"]
[BlackTeam "MARSEILLE"]
[WhiteTeamCountry "FRA"]
[BlackTeamCountry "FRA"]

1. e4 e5 2. Nf3 Nc6 3. Bc4 Nf6 4. d3 Bc5 5. O-O d6 6. c3 a5 7. Re1 Ba7 8. Na3
O-O 9. Nb5 Bb6 10. Be3 Bxe3 11. Rxe3 Ne7 12. d4 c6 13. dxe5 Ng4 14. Nxd6 Nxe3
15. fxe3 Qb6 16. Qe2 h6 17. Nd4 Qc5 18. Qh5 Be6 19. Bxe6 fxe6 20. Re1 Qb6 21.
Re2 Qa6 22. Nxe6 Qd3 23. h3 Qd1+ 24. Kh2 Rf1 25. Qg4 g6 26. Nf4 Kh8 27. Qe6 Rf8
28. Qxe7 R8xf4 29. exf4 Rxf4 1-0

[Event "TOP 16 Higher pool"]
[Site "BELFORT"]
[Date "????.??.??"]
[Round "9.16"]
[White "Cornileau, Juliette"]
[Black "Navrotescu, Andreea"]
[Result "1/2-1/2"]
[WhiteElo "2076"]
[BlackElo "2323"]
[PlyCount "98"]
[EventDate "2025.05.??"]
[WhiteTeam "MARSEILLE"]
[BlackTeam "MULHOUSE"]
[WhiteTeamCountry "FRA"]
[BlackTeamCountry "FRA"]

1. e4 c5 2. Nf3 Nc6 3. d4 cxd4 4. Nxd4 Nf6 5. Nc3 e5 6. Ndb5 d6 7. Bg5 a6 8.
Na3 b5 9. Nd5 Be7 10. Bxf6 Bxf6 11. c3 Rb8 12. Nc2 Bg5 13. Be2 O-O 14. O-O a5
15. Qd3 Be6 16. Rad1 g6 17. Na3 Na7 18. Bf3 Kh8 19. Qe2 Qc8 20. g3 Qc5 21. h4
Bh6 22. Kg2 f5 23. h5 gxh5 24. Rh1 Rf7 25. b4 axb4 26. cxb4 Qc8 27. Rxh5 fxe4
28. Qxe4 Bf5 29. Qh4 Bf8 30. Be4 Rbb7 31. Rh1 Qe6 32. Bxf5 Qxd5+ 33. Qe4 Qxe4+
34. Bxe4 Rbc7 35. Bd5 Rg7 36. Rf5 Be7 37. Rh6 Rc1 38. Rf3 Rd1 39. Be6 d5 40.
Nc2 d4 41. Bf5 Bg5 42. Re6 Re7 43. Rxe7 Bxe7 44. Rd3 Rc1 45. Ra3 Nc6 46. Ra6
Nxb4 47. Nxb4 Bxb4 48. Rb6 Rc5 49. a4 Ba5 1/2-1/2

[Event "TOP 16 Higher pool"]
[Site "BELFORT"]
[Date "????.??.??"]
[Round "9.17"]
[White "Karthikeyan, Murali"]
[Black "Esipenko, Andrey"]
[Result "1/2-1/2"]
[WhiteElo "2658"]
[BlackElo "2695"]
[PlyCount "78"]
[EventDate "2025.05.??"]
[WhiteTeam "CANNES"]
[BlackTeam "ASNIERES"]
[WhiteTeamCountry "FRA"]
[BlackTeamCountry "FRA"]

1. e4 e5 2. Nf3 Nf6 3. Nxe5 d6 4. Nf3 Nxe4 5. Nc3 Nxc3 6. dxc3 Be7 7. Be3 O-O
8. Qd2 Nd7 9. O-O-O Re8 10. h4 Nf6 11. Bd3 Bg4 12. Rdg1 Qd7 13. Ng5 c5 14. f3
Bf5 15. Bxf5 Qxf5 16. Rd1 Bf8 17. Bf2 b5 18. g4 Qc8 19. h5 Qc6 20. h6 gxh6 21.
Qf4 d5 22. Nh3 d4 23. cxd4 c4 24. Qf5 c3 25. Kb1 Bg7 26. d5 Qc4 27. Bd4 Rad8
28. Bxc3 Nxd5 29. Bxg7 Ne3 30. Rxd8 Rxd8 31. b3 Qc6 32. Qe4 Qxe4 33. fxe4 Kxg7
34. Nf4 Rd2 35. Rh3 Nxc2 36. Kc1 Rf2 37. Nd3 Rg2 38. Nf4 Rf2 39. Nd3 Rg2
1/2-1/2

[Event "TOP 16 Higher pool"]
[Site "BELFORT"]
[Date "????.??.??"]
[Round "9.18"]
[White "Martirosyan, Haik M"]
[Black "Lamard, Guillaume"]
[Result "1-0"]
[WhiteElo "2635"]
[BlackElo "2500"]
[PlyCount "141"]
[EventDate "2025.05.??"]
[WhiteTeam "ASNIERES"]
[BlackTeam "CANNES"]
[WhiteTeamCountry "FRA"]
[BlackTeamCountry "FRA"]

1. e4 c6 2. d4 d5 3. e5 Bf5 4. Nf3 e6 5. Be2 c5 6. O-O Nc6 7. c3 cxd4 8. cxd4
Bg4 9. Nbd2 Nge7 10. h3 Bxf3 11. Nxf3 Nf5 12. Qd3 h5 13. g3 Be7 14. h4 Qb6 15.
Rd1 Rc8 16. Kg2 Kd7 17. a3 Na5 18. b4 Nc4 19. Qb3 a6 20. Rb1 Rc7 21. Bf4 Rhc8
22. Bd3 g6 23. a4 Qc6 24. a5 Qb5 25. Bxf5 gxf5 26. Ng5 Bxg5 27. hxg5 Rh8 28.
Rh1 Kc6 29. Qd1 b6 30. Rxh5 Rxh5 31. Qxh5 bxa5 32. g6 fxg6 33. Qxg6 axb4 34.
Qxe6+ Kb7 35. Qxf5 a5 36. e6 Re7 37. Rh1 Ka6 38. Rh7 Re8 39. Rc7 Nb6 40. Qf7
Ra8 41. e7 a4 42. Rc5 Qe2 43. Be3 b3 44. Rc6 b2 45. Rxb6+ Kxb6 46. Qe6+ Kb5 47.
Qxd5+ Kb4 48. Qxa8 b1=Q 49. Qb8+ Ka3 50. Qd6+ Ka2 51. Qe6+ Ka1 52. e8=Q Qed1
53. Kh3 Qh7+ 54. Bh6 a3 55. d5 Qxh6+ 56. Qxh6 Qh1+ 57. Kg4 Qxh6 58. Qe1+ Ka2
59. Qe6 Qg7+ 60. Kh3 Kb2 61. d6 a2 62. Qe2+ Ka3 63. Qd3+ Kb2 64. Qd2+ Ka3 65.
Qc1+ Kb3 66. Qd1+ Kb2 67. d7 Qh8+ 68. Kg2 Qa8+ 69. f3 Qd8 70. Qe2+ Kb1 71. Qe8
1-0

[Event "TOP 16 Higher pool"]
[Site "BELFORT"]
[Date "????.??.??"]
[Round "9.19"]
[White "Adhiban, B."]
[Black "Vachier-Lagrave, Maxime"]
[Result "1/2-1/2"]
[WhiteElo "2518"]
[BlackElo "2723"]
[PlyCount "58"]
[EventDate "2025.05.??"]
[WhiteTeam "CANNES"]
[BlackTeam "ASNIERES"]
[WhiteTeamCountry "FRA"]
[BlackTeamCountry "FRA"]

1. d4 Nf6 2. c4 g6 3. Nc3 d5 4. cxd5 Nxd5 5. e4 Nxc3 6. bxc3 Bg7 7. Nf3 c5 8.
Bb5+ Nc6 9. O-O O-O 10. Bxc6 bxc6 11. Qc2 Qa5 12. a4 Rd8 13. Ba3 cxd4 14. cxd4
Bg4 15. Ne5 Bxe5 16. dxe5 Qxe5 17. f3 Bc8 18. h4 Rb8 19. Rfd1 Be6 20. Qc5 Qxc5+
21. Bxc5 Rxd1+ 22. Rxd1 f5 23. Bxe7 fxe4 24. fxe4 Re8 25. Bc5 Bb3 26. Rd4 Bc2
27. Bxa7 Rxe4 28. Rxe4 Bxe4 29. Kf2 Kf7 1/2-1/2

[Event "TOP 16 Higher pool"]
[Site "BELFORT"]
[Date "????.??.??"]
[Round "9.20"]
[White "Moussard, Jules"]
[Black "Pranesh M"]
[Result "0-1"]
[WhiteElo "2597"]
[BlackElo "2576"]
[PlyCount "72"]
[EventDate "2025.05.??"]
[WhiteTeam "ASNIERES"]
[BlackTeam "CANNES"]
[WhiteTeamCountry "FRA"]
[BlackTeamCountry "FRA"]

1. c4 e5 2. g3 Nf6 3. Bg2 h6 4. Nc3 Bb4 5. e4 Nc6 6. Nge2 Bc5 7. h3 a6 8. d3 b5
9. O-O bxc4 10. dxc4 d6 11. b3 a5 12. Kh1 Bd7 13. f4 exf4 14. gxf4 Nh5 15. Kh2
g5 16. e5 g4 17. Ne4 Qh4 18. exd6 O-O-O 19. Nxc5 g3+ 20. Kg1 Bxh3 21. d7+ Bxd7
22. Nxg3 Nxg3 23. Nxd7 Nd4 24. Rf2 Rxd7 25. Qe1 Rg8 26. Be3 Nge2+ 27. Rxe2 Nf3+
28. Kf1 Nh2+ 29. Kg1 Nf3+ 30. Kf1 Nxe1 31. Raxe1 Rd3 32. c5 Rgd8 33. c6 Rd1 34.
a3 Rxe1+ 35. Rxe1 Re8 36. Re2 Qg3 0-1

[Event "TOP 16 Higher pool"]
[Site "BELFORT"]
[Date "????.??.??"]
[Round "9.21"]
[White "Di Nicolantonio, Lucas"]
[Black "Cornette, Matthieu"]
[Result "1-0"]
[WhiteElo "2413"]
[BlackElo "2527"]
[PlyCount "191"]
[EventDate "2025.05.??"]
[WhiteTeam "CANNES"]
[BlackTeam "ASNIERES"]
[WhiteTeamCountry "FRA"]
[BlackTeamCountry "FRA"]

1. d4 Nf6 2. Nf3 d5 3. e3 c5 4. c3 Qc7 5. Nbd2 cxd4 6. exd4 Nc6 7. Bb5 Bd7 8.
O-O e6 9. Re1 Bd6 10. Bd3 O-O 11. Nf1 e5 12. dxe5 Nxe5 13. Nxe5 Bxe5 14. h3
Rfe8 15. Be3 Ne4 16. Bc2 Bf5 17. Qf3 Bg6 18. Bb3 Rad8 19. Rad1 Nf6 20. Ng3 h6
21. Nf5 a6 22. g4 Qc6 23. Bd4 Bxf5 24. Rxe5 Rxe5 25. Bxe5 Be4 26. Qf4 Nd7 27.
Bd4 Nc5 28. Bxc5 Qxc5 29. c4 Rd6 30. cxd5 Bg6 31. Qd4 Qc7 32. Re1 f6 33. Qe3
Bf7 34. Qe4 Qa5 35. Rc1 Rd8 36. d6 Bxb3 37. axb3 Rxd6 38. Rc8+ Rd8 39. Rxd8+
Qxd8 40. Qxb7 Qa5 41. Kg2 Qd2 42. Qxa6 Qd5+ 43. Kg1 Qxb3 44. Qc8+ Kf7 45. Qc3
Qd1+ 46. Kg2 Qd5+ 47. Qf3 Qb5 48. b3 g5 49. Qc3 Qd5+ 50. f3 Qd1 51. Qb2 Qd5 52.
b4 Qb5 53. Qd2 f5 54. gxf5 Qxf5 55. Qa2+ Kf8 56. Qa8+ Kg7 57. Qb7+ Kg8 58. Qb8+
Kg7 59. Qc7+ Kh8 60. Qc3+ Kh7 61. Qc6 Kg7 62. b5 Qd3 63. Qc7+ Kf6 64. Qc6+ Kg7
65. Qc5 Qe2+ 66. Kg3 Qe1+ 67. Kg2 Qe2+ 68. Kg3 Qe1+ 69. Kg4 Qe6+ 70. Qf5 Qc4+
71. Kg3 Qf1 72. Qe5+ Kg6 73. Qe4+ Kg7 74. Qd4+ Kg6 75. b6 h5 76. Qe4+ Kf6 77.
Qd4+ Kf5 78. Qc5+ Kg6 79. h4 Qe1+ 80. Kg2 gxh4 81. Qc6+ Kg5 82. Qd5+ Kh6 83. b7
Qg3+ 84. Kf1 h3 85. Qe6+ Kg7 86. Qe7+ Kg6 87. Qe8+ Kg7 88. b8=Q Qxf3+ 89. Ke1
Qc3+ 90. Ke2 Qc2+ 91. Ke3 Qc3+ 92. Ke4 Qc4+ 93. Ke5 Qc5+ 94. Ke6 Qc4+ 95. Kd7
Qd5+ 96. Kc8 1-0

[Event "TOP 16 Higher pool"]
[Site "BELFORT"]
[Date "????.??.??"]
[Round "9.22"]
[White "Maze, Sebastien"]
[Black "Giroyan, Gary"]
[Result "1/2-1/2"]
[WhiteElo "2548"]
[BlackElo "2419"]
[PlyCount "202"]
[EventDate "2025.05.??"]
[WhiteTeam "ASNIERES"]
[BlackTeam "CANNES"]
[WhiteTeamCountry "FRA"]
[BlackTeamCountry "FRA"]

1. e4 c5 2. Nf3 d6 3. Bb5+ Nc6 4. Bxc6+ bxc6 5. e5 dxe5 6. Nxe5 Qd5 7. Nf3 Bg4
8. d3 Nf6 9. Nc3 Qh5 10. Qe2 e6 11. b3 c4 12. bxc4 Bb4 13. Bd2 Bxf3 14. gxf3
O-O 15. f4 Qg6 16. Kf1 Qh6 17. Qf3 e5 18. Rg1 Nh5 19. a3 Ba5 20. Re1 Rae8 21.
Rg5 Nxf4 22. Rgxe5 Rxe5 23. Rxe5 Bxc3 24. Bxf4 Qf6 25. Re4 Bd2 26. Kg2 Bxf4 27.
Rxf4 Qd6 28. a4 f5 29. c5 Qf6 30. Rb4 f4 31. Re4 Qf5 32. Kf1 a5 33. Rd4 Qe5 34.
Re4 Qf5 35. c4 h5 36. h3 Rf6 37. Re8+ Kf7 38. Rh8 g6 39. Rh7+ Kg8 40. Re7 Qxc5
41. Qe4 Qb4 42. Rc7 Qd6 43. Qe8+ Rf8 44. Qxc6 Qxd3+ 45. Kg1 Qf5 46. Qb7 Re8 47.
Qc6 Rd8 48. Kg2 h4 49. Qf3 Qg5+ 50. Kh2 Qe5 51. Ra7 Rb8 52. Ra8 Rxa8 53. Qxa8+
Kg7 54. Qb7+ Kh6 55. Qf3 Qd4 56. Qe2 Qc3 57. Qe4 Qc1 58. Qd4 Kh7 59. c5 Qc2 60.
Qd7+ Kh6 61. Qd4 Kh7 62. Qxf4 Qxc5 63. Qxh4+ Kg7 64. Qf4 Qb4 65. Kg3 Qb3+ 66.
f3 Qd1 67. Qe5+ Kh7 68. Qe7+ Kh6 69. Qf8+ Kh7 70. Qf7+ Kh6 71. Qf4+ Kh7 72. Qe4
Qg1+ 73. Kf4 Qh2+ 74. Kg5 Qd2+ 75. Kf6 Qc3+ 76. Kf7 Qb3+ 77. Ke7 Qb4+ 78. Kd7
Kg7 79. Kc6 Kh7 80. Kd5 Qb3+ 81. Kc5 Kg7 82. h4 Kh6 83. Qg4 Kh7 84. Qf4 Kg7 85.
Qd4+ Kh7 86. f4 Qb8 87. Qd2 Kg7 88. Qxa5 Qxf4 89. Qc3+ Kh7 90. a5 Qxh4 91. a6
Qf2+ 92. Qd4 Qc2+ 93. Kd6 Qh2+ 94. Kd7 Qh3+ 95. Kc7 Qg3+ 96. Qd6 Qc3+ 97. Kb7
Qb3+ 98. Kc8 Kh6 99. a7 Qc4+ 100. Kd7 Qa4+ 101. Ke6 Qxa7 1/2-1/2

[Event "TOP 16 Higher pool"]
[Site "BELFORT"]
[Date "????.??.??"]
[Round "9.23"]
[White "Defromont, Benjamin"]
[Black "Pelletier, Yannick"]
[Result "1-0"]
[WhiteElo "2388"]
[BlackElo "2519"]
[PlyCount "81"]
[EventDate "2025.05.??"]
[WhiteTeam "CANNES"]
[BlackTeam "ASNIERES"]
[WhiteTeamCountry "FRA"]
[BlackTeamCountry "FRA"]

1. e4 c6 2. d4 d5 3. e5 c5 4. Nf3 cxd4 5. Nxd4 Nc6 6. Nxc6 bxc6 7. Bd3 e6 8.
O-O Ne7 9. Nd2 Ng6 10. Nf3 Be7 11. Re1 O-O 12. c3 c5 13. g3 a5 14. Qe2 a4 15.
h4 Re8 16. Ng5 Nf8 17. Qh5 g6 18. Qh6 f5 19. h5 Bxg5 20. Bxg5 Qd7 21. hxg6 Nxg6
22. Bf6 Ba6 23. Bxf5 Qf7 24. Bc2 Reb8 25. Kg2 d4 26. Bxg6 Qxg6 27. Qxg6+ hxg6
28. Rh1 g5 29. g4 Bd3 30. cxd4 Rxb2 31. Kg3 Kf7 32. dxc5 Bc2 33. Bxg5 a3 34.
Be3 Rd8 35. Rhc1 Rd3 36. Kf4 Kg6 37. Rh1 Rc3 38. Rh8 Bb1 39. Rg8+ Kf7 40. Ra8
Bxa2 41. Ke4 1-0

[Event "TOP 16 Higher pool"]
[Site "BELFORT"]
[Date "????.??.??"]
[Round "9.24"]
[White "Guichard, Pauline"]
[Black "Bensdorp-De Labaca, Marlies"]
[Result "1-0"]
[WhiteElo "2324"]
[BlackElo "2208"]
[PlyCount "91"]
[EventDate "2025.05.??"]
[WhiteTeam "ASNIERES"]
[BlackTeam "CANNES"]
[WhiteTeamCountry "FRA"]
[BlackTeamCountry "FRA"]

1. d4 d5 2. c4 e6 3. Nf3 Nc6 4. Nc3 Nf6 5. Bg5 dxc4 6. e3 Na5 7. Bxc4 Nxc4 8.
Qa4+ c6 9. Qxc4 h6 10. Bh4 Qb6 11. O-O Qxb2 12. Rab1 Qa3 13. e4 g5 14. Bg3 Bg7
15. Be5 O-O 16. Bxf6 Bxf6 17. e5 Bg7 18. Rb3 Qe7 19. Ne4 Rd8 20. h4 gxh4 21.
Qc1 b6 22. Qf4 Bb7 23. Nf6+ Kf8 24. Nxh4 c5 25. d5 Bxd5 26. Nxd5 Qg5 27. Nf3
Qxf4 28. Nxf4 c4 29. Rb4 Rac8 30. Rc1 c3 31. Kf1 Rc5 32. Rb3 Rc4 33. g3 Rdc8
34. Nd3 Ke8 35. Nfe1 Bf8 36. Nc2 R4c6 37. Ne3 a6 38. a4 Be7 39. Ke2 a5 40. f4
Bf8 41. Kd1 R8c7 42. Kc2 Be7 43. Rcb1 Bb4 44. Nxb4 axb4 45. Rxb4 Rd7 46. Nc4
1-0

[Event "TOP 16 Higher pool"]
[Site "BELFORT"]
[Date "????.??.??"]
[Round "9.25"]
[White "Tabatabaei, M. Amin"]
[Black "Sadhwani, Raunak"]
[Result "1/2-1/2"]
[WhiteElo "2670"]
[BlackElo "2672"]
[PlyCount "40"]
[EventDate "2025.05.??"]
[WhiteTeam "TREMBLAY"]
[BlackTeam "AIX EN PROVENCE"]
[WhiteTeamCountry "FRA"]
[BlackTeamCountry "FRA"]

1. d4 Nf6 2. Nf3 d5 3. g3 e6 4. Bg2 Be7 5. c4 O-O 6. O-O dxc4 7. Qc2 a6 8. a4
Bd7 9. Qxc4 Bc6 10. Bg5 Nbd7 11. Nc3 a5 12. Rfd1 h6 13. Bxf6 Nxf6 14. e3 Bxf3
15. Bxf3 c6 16. h4 Qb6 17. Qe2 Rfd8 18. Rac1 Rd7 19. Kg2 Rad8 20. Qc2 c5
1/2-1/2

[Event "TOP 16 Higher pool"]
[Site "BELFORT"]
[Date "????.??.??"]
[Round "9.26"]
[White "Van Foreest, Jorden"]
[Black "Murzin, Volodar"]
[Result "1/2-1/2"]
[WhiteElo "2687"]
[BlackElo "2658"]
[PlyCount "88"]
[EventDate "2025.05.??"]
[WhiteTeam "AIX EN PROVENCE"]
[BlackTeam "TREMBLAY"]
[WhiteTeamCountry "FRA"]
[BlackTeamCountry "FRA"]

1. e4 c5 2. Nf3 d6 3. d4 cxd4 4. Nxd4 Nf6 5. Nc3 a6 6. Bd3 e5 7. Nde2 Be7 8.
O-O O-O 9. Ng3 Bg4 10. Be2 Be6 11. h3 Nbd7 12. a4 Rc8 13. Re1 Re8 14. Bf3 Bf8
15. Nf1 Nb6 16. Ne3 Nc4 17. Ned5 Nxd5 18. Nxd5 Nb6 19. Ne3 Nc4 20. Nxc4 Rxc4
21. b3 Rc6 22. c4 Be7 23. Bg4 Qb8 24. Be3 Bd8 25. Bxe6 fxe6 26. Qg4 Bb6 27.
Bxb6 Rxb6 28. Re3 Qc7 29. Rd1 Rc6 30. Red3 a5 31. h4 b6 32. h5 Qe7 33. R1d2 h6
34. Qd1 Rd8 35. g3 Rd7 36. Kg2 Kh8 37. Qg4 Rd8 38. Rd1 Rf8 39. Qe2 Kh7 40. R1d2
Kh8 41. Qd1 Rd8 42. Kg1 Qf8 43. Kg2 Qe7 44. Kg1 Qf8 1/2-1/2

[Event "TOP 16 Higher pool"]
[Site "BELFORT"]
[Date "????.??.??"]
[Round "9.28"]
[White "Yuffa, Daniil"]
[Black "Kobalia, Mikhail"]
[Result "1/2-1/2"]
[WhiteElo "2655"]
[BlackElo "2538"]
[PlyCount "197"]
[EventDate "2025.05.??"]
[WhiteTeam "AIX EN PROVENCE"]
[BlackTeam "TREMBLAY"]
[WhiteTeamCountry "FRA"]
[BlackTeamCountry "FRA"]

1. d4 d5 2. c4 c6 3. Nf3 Nf6 4. Nc3 e6 5. e3 a6 6. b3 Bb4 7. Bd2 O-O 8. Bd3
Nbd7 9. O-O Bd6 10. Re1 e5 11. cxd5 cxd5 12. e4 exd4 13. Nxd5 Nxd5 14. exd5 Nf6
15. Rc1 Bg4 16. h3 Bh5 17. Rc4 b5 18. Rxd4 Bc5 19. Rh4 Qxd5 20. Rxh5 Nxh5 21.
Qc2 Rae8 22. Bxh7+ Kh8 23. Be4 Qd6 24. Rc1 Rc8 25. Qd3 Qb6 26. Rxc5 Qxc5 27.
Ng5 f5 28. Qf3 g6 29. Bd5 Qd4 30. Be3 Qa1+ 31. Kh2 Qe5+ 32. g3 f4 33. gxf4 Nxf4
34. Qg3 Qxd5 35. Bxf4 Kg8 36. Qh4 Rxf4 37. Qxf4 Rf8 38. Qe3 Qd6+ 39. Kg2 Qc6+
40. f3 Qc2+ 41. Kg3 Qc7+ 42. Kg2 Qd6 43. h4 Rd8 44. Qe4 Qf6 45. Qc2 Qf5 46. Ne4
Qc8 47. Qb2 Rd1 48. Nf6+ Kf7 49. Ne4 Qc6 50. b4 Rc1 51. Qe5 Qc2+ 52. Nf2 Qc4
53. Qe3 Qf1+ 54. Kg3 Qe1 55. Qa7+ Qe7 56. Qxa6 Qe5+ 57. Kg2 Rc2 58. Qa7+ Kg8
59. a4 bxa4 60. Qxa4 Rb2 61. Qa8+ Kf7 62. Qb7+ Kg8 63. Qa8+ Kh7 64. Qb7+ Qg7
65. Qb6 Qe7 66. Qc6 Qxh4 67. Qc7+ Kh6 68. Qc1+ Qg5+ 69. Qxg5+ Kxg5 70. Kg3 Rxb4
71. Ne4+ Kf5 72. Nf2 Rb1 73. Ne4 Re1 74. Nd6+ Ke5 75. Ne4 Ra1 76. Nf2 Kd4 77.
Ng4 Ra5 78. Nh6 Rh5 79. Ng4 Kd3 80. Nf6 Rf5 81. Ng4 Ke2 82. Nh2 Rh5 83. Ng4 Rg5
84. Kg2 Rf5 85. Nh2 Rh5 86. Ng4 Ra5 87. Kg3 Rh5 88. Kg2 Rh8 89. Kg3 Kf1 90. Ne5
Rh1 91. f4 Ke2 92. Kg2 Rh6 93. Kg3 Rh1 94. Kg2 Rh4 95. Kg3 Rh6 96. Kg4 Ke3 97.
Kg5 Rh5+ 98. Kxg6 Kxf4 99. Kxh5 1/2-1/2

[Event "TOP 16 Higher pool"]
[Site "BELFORT"]
[Date "????.??.??"]
[Round "9.29"]
[White "Abergel, Thal"]
[Black "Gozzoli, Yannick"]
[Result "1-0"]
[WhiteElo "2415"]
[BlackElo "2567"]
[PlyCount "69"]
[EventDate "2025.05.??"]
[WhiteTeam "TREMBLAY"]
[BlackTeam "AIX EN PROVENCE"]
[WhiteTeamCountry "FRA"]
[BlackTeamCountry "FRA"]

1. d4 Nf6 2. Nc3 d5 3. Bf4 e6 4. e3 Bb4 5. Bd3 c5 6. dxc5 Nbd7 7. Nge2 O-O 8.
Bd6 Re8 9. a3 Bxc5 10. Bxc5 Nxc5 11. b4 Ncd7 12. O-O Nb6 13. e4 d4 14. Nb5 e5
15. f4 Ng4 16. fxe5 Ne3 17. Qd2 Nxf1 18. Rxf1 Rxe5 19. Nbxd4 Re7 20. Qf4 Be6
21. e5 Nd7 22. Ng3 g6 23. Ne4 Bd5 24. Nf6+ Nxf6 25. exf6 Rd7 26. Nf5 Be6 27.
Qh6 Qf8 28. Ng7 Rad8 29. h4 Rd5 30. h5 Rxh5 31. Qf4 Kh8 32. Nxh5 gxh5 33. Re1
Qg8 34. Re5 Rxd3 35. cxd3 1-0

[Event "TOP 16 Higher pool"]
[Site "BELFORT"]
[Date "????.??.??"]
[Round "9.30"]
[White "Boyer, Mahel"]
[Black "Kolodziejczyk, Boris"]
[Result "1-0"]
[WhiteElo "2521"]
[BlackElo "2192"]
[PlyCount "61"]
[EventDate "2025.05.??"]
[WhiteTeam "AIX EN PROVENCE"]
[BlackTeam "TREMBLAY"]
[WhiteTeamCountry "FRA"]
[BlackTeamCountry "FRA"]

1. e4 c5 2. Nf3 Nc6 3. Bb5 g6 4. c3 Nf6 5. Qe2 Bg7 6. d4 d5 7. exd5 Nxd5 8.
dxc5 O-O 9. O-O Nc7 10. Rd1 Qe8 11. Bc4 Bg4 12. Nbd2 Ne5 13. h3 Nxc4 14. hxg4
Nxd2 15. Bxd2 Ne6 16. Be3 Rc8 17. Rd5 Qa4 18. c4 Qb4 19. Rb1 Rfd8 20. b3 Rxd5
21. cxd5 Qe4 22. Rd1 Nxc5 23. Rc1 b6 24. Ng5 Qb4 25. Rc4 Qb5 26. b4 Rd8 27.
bxc5 Rxd5 28. cxb6 Qd7 29. bxa7 Rd1+ 30. Kh2 Be5+ 31. f4 1-0

[Event "TOP 16 Higher pool"]
[Site "BELFORT"]
[Date "????.??.??"]
[Round "9.31"]
[White "Shirazi, Kamran"]
[Black "Govciyan, Pavel"]
[Result "0-1"]
[WhiteElo "2234"]
[BlackElo "2421"]
[PlyCount "92"]
[EventDate "2025.05.??"]
[WhiteTeam "TREMBLAY"]
[BlackTeam "AIX EN PROVENCE"]
[WhiteTeamCountry "FRA"]
[BlackTeamCountry "FRA"]

1. d4 Nf6 2. Nf3 c5 3. g3 cxd4 4. Nxd4 d5 5. Bg2 e5 6. Nb3 Nc6 7. O-O h6 8. Nc3
Be6 9. f4 e4 10. f5 Bc8 11. Be3 b6 12. Bd4 Nxd4 13. Qxd4 Bb7 14. Rad1 Bc6 15.
Qe5+ Qe7 16. Qf4 Rc8 17. a4 Qc7 18. Qd2 a6 19. e3 h5 20. Nd4 Bb7 21. Rf4 Be7
22. Nce2 Bd6 23. Rh4 Rh6 24. Rf1 Be5 25. c3 Qc4 26. Nf4 Qxa4 27. Qe2 Qc4 28.
Qd1 Ke7 29. Nxh5 Rch8 30. Nxf6 Bxf6 31. Rxh6 gxh6 32. Rf4 b5 33. Bf1 Qc5 34.
Qd2 Rc8 35. Ne2 b4 36. Rf2 a5 37. cxb4 Qxb4 38. Nd4 Qxd2 39. Rxd2 Rc1 40. Nb3
Rb1 41. Nxa5 Ba6 42. Rf2 d4 43. Nc6+ Kd6 44. Nxd4 Bxd4 45. exd4 e3 46. Kg2 Bb7+
0-1

[Event "TOP 16 Higher pool"]
[Site "BELFORT"]
[Date "????.??.??"]
[Round "9.32"]
[White "Benmesbah, Natacha"]
[Black "Guerin, Juliette"]
[Result "1-0"]
[WhiteElo "2259"]
[BlackElo "1926"]
[PlyCount "83"]
[EventDate "2025.05.??"]
[WhiteTeam "AIX EN PROVENCE"]
[BlackTeam "TREMBLAY"]
[WhiteTeamCountry "FRA"]
[BlackTeamCountry "FRA"]

1. e4 c5 2. Nf3 e6 3. g3 Nc6 4. Bg2 Nge7 5. O-O g6 6. d4 cxd4 7. Nxd4 a6 8. Nc3
Bg7 9. Be3 O-O 10. a4 d6 11. Nb3 b6 12. Qe2 Qc7 13. Rfd1 Bb7 14. Qc4 Rac8 15.
Rd2 Rfd8 16. Rad1 Rd7 17. Bf4 Rcd8 18. h4 h6 19. Bh3 Nc8 20. Bxe6 fxe6 21.
Qxe6+ Kh7 22. Nd5 Qb8 23. h5 g5 24. Qg6+ Kh8 25. Nf6 Bxf6 26. Qxf6+ Kg8 27.
Qg6+ Rg7 28. Qe6+ Kf8 29. Qf6+ Kg8 30. Bxd6 Nxd6 31. Rxd6 Rxd6 32. Rxd6 Qe8 33.
Nd4 Ne7 34. Nf5 Nxf5 35. Rd8 Qxd8 36. Qxd8+ Kh7 37. exf5 b5 38. f6 Rf7 39. axb5
axb5 40. Qd3+ Kh8 41. Qg6 Rd7 42. Qe8+ 1-0

[Event "TOP 16 Higher pool"]
[Site "BELFORT"]
[Date "????.??.??"]
[Round "10.1"]
[White "Suleymanli, Aydin"]
[Black "Karthikeyan, Murali"]
[Result "0-1"]
[WhiteElo "2617"]
[BlackElo "2658"]
[PlyCount "98"]
[EventDate "2025.05.??"]
[WhiteTeam "MARSEILLE"]
[BlackTeam "CANNES"]
[WhiteTeamCountry "FRA"]
[BlackTeamCountry "FRA"]

1. e4 c5 2. Nf3 Nc6 3. Bb5 g6 4. O-O Bg7 5. d3 d6 6. Bxc6+ bxc6 7. e5 dxe5 8.
Re1 f6 9. Nc3 Nh6 10. Be3 Qa5 11. Nd2 O-O 12. Nce4 Qc7 13. f3 Nf5 14. Bf2 Be6
15. Nxc5 Bf7 16. b4 a5 17. bxa5 Rxa5 18. a4 Rfa8 19. Ndb3 R5a7 20. Qd2 h5 21.
a5 Nd4 22. c4 Qd6 23. f4 Bh6 24. fxe5 Bxd2 25. exd6 Bxe1 26. Bxd4 exd6 27. Rxe1
dxc5 28. Bc3 g5 29. Kf2 Bg6 30. Rd1 Kf7 31. Rd2 h4 32. Ke1 f5 33. Ra2 f4 34.
Nxc5 Re7+ 35. Re2 g4 36. Rxe7+ Kxe7 37. Bd2 g3 38. hxg3 fxg3 39. a6 Kd6 40. Be3
Re8 41. Kd2 Kc7 42. a7 Ra8 43. Nb3 Bh5 44. Ke1 Re8 45. Kd2 Kb7 46. Na5+ Ka8 47.
Nxc6 Bf3 48. Nd4 Bxg2 49. Bg1 h3 0-1

[Event "TOP 16 Higher pool"]
[Site "BELFORT"]
[Date "????.??.??"]
[Round "10.2"]
[White "Lamard, Guillaume"]
[Black "Girel, Joseph"]
[Result "0-1"]
[WhiteElo "2500"]
[BlackElo "2498"]
[PlyCount "140"]
[EventDate "2025.05.??"]
[WhiteTeam "CANNES"]
[BlackTeam "MARSEILLE"]
[WhiteTeamCountry "FRA"]
[BlackTeamCountry "FRA"]

1. e4 e6 2. d4 d5 3. e5 c5 4. c3 Nc6 5. Nf3 Bd7 6. Be2 Nge7 7. Na3 Nf5 8. Nc2
cxd4 9. cxd4 Be7 10. O-O O-O 11. Bd2 f6 12. exf6 Bxf6 13. Bc3 Be8 14. h3 Bg6
15. Bd3 Qd7 16. Qd2 Qf7 17. Rae1 Nd6 18. Bxg6 Qxg6 19. Nb4 Ne4 20. Qe2 Rac8 21.
Nd3 Qf5 22. Qe3 Rc7 23. Re2 Re7 24. Rfe1 h6 25. a3 Ree8 26. Bb4 Rf7 27. Nc5 a5
28. Bc3 Nxc5 29. dxc5 e5 30. b4 axb4 31. axb4 Rfe7 32. b5 d4 33. Qe4 Qxe4 34.
Rxe4 Na7 35. Bb4 Nxb5 36. c6 Rc7 37. cxb7 Rxb7 38. Kf1 Nc3 39. Bxc3 dxc3 40.
Rc1 Rc8 41. Nxe5 Rb2 42. Rc4 Rd8 43. Ng4 Bd4 44. Rd1 c2 45. Rc1 h5 46. R4xc2
hxg4 47. hxg4 Rdb8 48. g3 Rxc2 49. Rxc2 Rb2 50. Rxb2 Bxb2 51. Ke2 Kf7 52. Kd3
Ke6 53. Ke4 Bc3 54. f4 Be1 55. Kf3 Kd5 56. g5 Kd4 57. Kg4 Ke4 58. Kh5 Kf5 59.
Kh4 g6 60. Kh3 Ke4 61. Kg4 Bf2 62. Kh3 Kf3 63. f5 gxf5 64. g6 Bd4 65. Kh4 Bf6+
66. Kh3 Ke4 67. Kg2 Ke5 68. Kf3 Bg7 69. Kg2 Kf6 70. Kf3 Ke5 0-1